| 000 | 00813nam a22002417a 4500 | ||
|---|---|---|---|
| 005 | 20250708114736.0 | ||
| 010 | _aENG-145790-791 | ||
| 020 |
_c595.00 _a9789395368803 |
||
| 020 |
_c1795.00 _a97893953688 |
||
| 035 | _aEN-129322 | ||
| 035 | _aEN-129323 | ||
| 037 | _bDBAD | ||
| 082 | _a373 | ||
| 100 |
_aDash, B. N. _982755 |
||
| 245 |
_aSchool Organisation Administration And Management/ _cB. N. Dash and Ravula Krishnaiah |
||
| 250 | _a1 | ||
| 260 |
_aNew Delhi _bNeelkamal Publications Pvt. Ltd. _c2024 |
||
| 270 |
_bNew Delhi _a4764/1, 23, Ansari Road, Daryaganj, New Delhi _e110002 _k011-23244237 _k+91 9811828953 _mneelkamalbooks@gmail.com |
||
| 300 |
_a460 p. _c23.9 cm (pb) |
||
| 300 |
_a460 p. _c24.5 cm (hb) |
||
| 700 |
_aKrishnaiah, Ravula _982748 |
||
| 942 |
_2ddc _cEN _h373 _mDAS |
||
| 999 |
_c212217 _d212217 |
||